Billie Eilish Songs By Alphabet - Statistics

General Stats
  • This quiz has been taken 266 times
  • The average score is 8 of 17
Answer Stats
Letter Song % Correct
A all the good girls go to hell
73%
B bad guy
70%
X xanny
62%
I ilomilo
57%
E everything i wanted
50%
C CHIHIRO
48%
H Happier Than Ever
45%
O ocean eyes
43%
L LUNCH
41%
N No Time To Die
41%
W when the party's over
40%
G Getting Older
38%
Y Your Power
37%
P party favor
35%
S SKINNY
33%
T TV
33%
M my boy
32%
No matching quizzes found
Score Distribution
Percent of People with Each Score
Percentile by Number Answered
Your Score History
You have not taken this quiz